| 000 | 00547nam a22001937a 4500 | ||
|---|---|---|---|
| 005 | 20251108172308.0 | ||
| 008 | 250721s1986 xx 000 0 ara d | ||
| 082 | 1 | 4 | _a704.9425/فير |
| 100 | 1 | _aفيراريس، آنا | |
| 245 | 1 | 0 | _aرسوم الأطفال و معانيها / |
| 264 | 1 |
_aدمشف : _bوزارة الثقافة، _c1986. |
|
| 300 | _a245ص :مص | ||
| 650 | 1 | 7 | _aالرسومات |
| 650 | 1 | 7 | _aالأطفال |
| 650 | 1 | 7 | _aالفن |
| 700 | 1 |
_aقصار، مياسه _eترجمة |
|
| 942 |
_2ddc _cBK |
||
| 999 |
_c75421 _d75421 |
||